The path to european union. From the Marshall Plan to the Common Market
Gespeichert in:
| 1. Verfasser: | |
|---|---|
| Format: | Buch |
| Sprache: | Englisch |
| Veröffentlicht: |
Baton Rouge
Louisiana State University Press
1962
|
| Schlagworte: | |
| Tags: |
Tag hinzufügen
Keine Tags, Fügen Sie den ersten Tag hinzu!
|
MARC
| LEADER | 00000nam a2200000 a 4500 | ||
|---|---|---|---|
| 001 | UCR7717 | ||
| 003 | CL-VaPUC | ||
| 008 | 980519e19620000US |||||||||||||||||eng|d | ||
| 082 | 0 | 4 | |a 337.142 |b SCH |2 21 |
| 100 | 0 | |a Schmitt, Hans A |e author |9 409118 | |
| 245 | 1 | 4 | |a The path to european union. From the Marshall Plan to the Common Market |
| 300 | |a 272 p | ||
| 942 | |c BK | ||
| 945 | |d 19980519 00:00:00 |a crobeson | ||
| 260 | |a Baton Rouge |b Louisiana State University Press |c 1962 | ||
| 650 | 0 | |a Economía |9 255568 | |
| 650 | 0 | |a Desarrollo económico y social |9 256320 | |
| 650 | 0 | |a Economía internacional |9 258254 | |
| 650 | 0 | |a Cooperación internacional |9 255447 | |
| 650 | 0 | |a Acuerdos económicos |9 348030 | |
| 650 | 7 | |a MERCADO COMUN EUROPEO |2 CL-VaPUC |9 334150 | |
| 650 | 0 | |a Integración económica |9 255024 | |
| 650 | 0 | |a Comunidad Europea |9 255772 | |
| 650 | 7 | |a POLITICA COMUNITARIA |2 CL-VaPUC |9 334151 | |
| 651 | 0 | |a Europa |9 255156 | |
| 583 | |a last modification |c 19980519 00:00:00 |k Rodrigo Vera | ||
| 999 | |c 269303 |d 269301 | ||